Sintez elementovo sselennoj /

Saved in:
Bibliographic Details
Main Authors: Kramarovskij, Ja (Author), Čečev, V.P (Author)
Format: Book
Language:Russian
Published: Moskva : Nauka, 1987
Edition:1.vyd.
Tags: Add Tag
No Tags, Be the first to tag this record!

MARC

LEADER 00000nam a22000003a 4500
001 stu5721
005 20150617225808.2
008 940427s1987----xxr-----------------rus-d
040 |a STU  |b slo 
041 0 |a rus 
044 |a xxr 
080 |a 524.86 
100 1 |a Kramarovskij, Ja  |4 aut 
245 1 |a Sintez elementovo sselennoj /  |c [aut.] Kramarovskij,Ja.; Čečev,V.P 
250 |a 1.vyd. 
260 |a Moskva :  |b Nauka,  |c 1987 
300 |a 158 s 
700 1 |a Čečev, V.P  |4 aut 
996 |b E65633  |c E*65633  |l EE10  |s P  |a 0  |w stu5721_0001